| 000 | 00358nam a22001457a 4500 | ||
|---|---|---|---|
| 008 | 250416b |||||||| |||| 00| 0 eng d | ||
| 020 | _a9788120338234 | ||
| 050 |
_aJQ 308 _b.H46 |
||
| 100 | _aHenry Nicholas | ||
| 245 | _aPublic administration and public affairs | ||
| 250 | _a11th | ||
| 260 |
_aUSA _bPearson education _c2010 |
||
| 300 | _a404 | ||
| 942 | _cBK | ||
| 999 |
_c3040 _d3040 |
||